MESTSKÁ KNIŽNICA GIRALTOVCE  - online katalóg 

Profesijný rozvoj učitel´a / (Record no. 23966)

000 -NÁVESTIE
fixed length control field 00525nam a2200181 a 4500
001 - EVIDENČNÉ ČÍSLO ZÁZNAMU - Kontrolné číslo
control field kpw01114213
005 - DÁTUM A ČAS POSLEDNEJ TRANSAKCIE
control field 20251024080346.0
007 - POLE PEVNEJ DĹŽKY PRE FYZICKÝ POPIS – VŠEOBECNE
fixed length control field ta
008 - ÚDAJE S PEVNOU DĹŽKOU – VŠEOBECNÉ INFORMÁCIE
fixed length control field 110126s2006 xo ||||f||||||||0 0|slo||
020 ## - MEDZINÁRODNÉ ŠTANDARDNÉ ČÍSLO KNIHY (ISBN)
Medzinárodné štandardné číslo knihy (ISBN) 8080454310
040 ## - ZDROJ KATALOGIZÁCIE
Pôvodná katalogizujúca agentúra BOD006
Jazyk katalogizácie cze
Prepisujúca agentúra sk
072 #7 - KÓD PREDMETOVEJ KATEGÓRIE
Kód predmetovej kategórie 37
Pododdiel kódu predmetovej kategórie Výchova a vzdělávání
Zdroj Konspekt
245 00 - NÁZOV
Názov Profesijný rozvoj učitel´a /
Údaj o zodpovednosti atď. kolektiv autorů
250 ## - ÚDAJ O PORADÍ VYDANIA
Údaj o poradí vydania 1. vyd.
260 ## - VYDAVATEĽSKÉ ÚDAJE, DISTRIBÚCIA ATĎ.
Miesto publikovania, distribúcie atď. Prešov :
Názov vydavateľa, distibútora atď. Metodicko-pedagogické centrum,
Dátum publikovania, distribúcie atď. 2006
300 ## - FYZICKÝ POPIS
Rozsah 161 s.
653 0# - INDEXAČNÝ TERMÍN – VOĽNÉ INDEXOVANIE
Neriadený termín učitelé
-- učitelství
-- vzdělávání
Holdings
Stav stiahnutia (Blokovanie) (Withrawn status) Stav straty Zdroj klasifikácie pre skladovanie Stav poškodenia (Damaged status) Nie pre výpožičky (Not for loan) Spôsob nadobudnutia (Collection code) Trvalé umiestnenie Aktuálne umiestnenie Dátum nadobudnutia Inventárne číslo (prírastkové číslo) Full call number Čiarový kód Dátum posledného výskytu Cena s účinnosťou od Typ jednotky Koha
          Dar Mestská knižnica Giraltovce Mestská knižnica Giraltovce 2025-10-24 22322 S1594 S1594 2025-10-24 2025-10-24 Odborná literatúra pre dospelých

Powered by Koha